| Tag |
First Indicator |
Second Indicator |
Subfields |
| LEADER |
00000cam a2200000 i 4500 |
| 001 |
in00000016602 |
| 005 |
20151007052819.0 |
| 008 |
770920s1973 msua f00000 eng d |
| 035 |
|
|
|a (OCoLC)03279781
|
| 035 |
|
|
|9 AAA9295AM
|
| 037 |
|
|
|b P.O. Box 631, 39180
|
| 040 |
|
|
|a AED
|c AED
|d m.c.
|d OCL
|d m/c
|d TXA
|d UtOrBLW
|
| 049 |
|
|
|a TXAT
|
| 050 |
|
4 |
|a SB614
|b .A68 no. 3
|
| 245 |
0 |
0 |
|a Aquatic Plant Control Program :
|b technical report 3, biological control of alligator weed /
|c sponsored by Office, Chief of Engineers, U.S. Army ; published by U.S. Army Engineer Waterways Experiment Station, Vicksburg, Mississippi.
|
| 264 |
|
1 |
|a Vicksburg, Miss. :
|b Dept. of Defense, Dept. of the Army, Corps of Engineers, Waterways Experiment Station,
|c 1973.
|
| 300 |
|
|
|a 177 pages in various pagings :
|b illustrations ;
|c 27 cm.
|
| 336 |
|
|
|a text
|b txt
|2 rdacontent
|
| 337 |
|
|
|a unmediated
|b n
|2 rdamedia
|
| 338 |
|
|
|a volume
|b nc
|2 rdacarrier
|
| 500 |
|
|
|a At head of title: APCP.
|
| 500 |
|
|
|a Issued April 1973.
|
| 504 |
|
|
|a Includes bibliographies.
|
| 650 |
|
0 |
|a Aquatic weeds
|x Control
|z United States.
|
| 700 |
1 |
|
|a Gangstad, Edward O.
|
| 710 |
2 |
|
|a Waterways Experiment Station (U.S.)
|
| 710 |
1 |
|
|a United States.
|b Army.
|b Corps of Engineers.
|
| 740 |
1 |
|
|a Biological control of alligator weed.
|
| 999 |
|
|
|a MARS
|
| 999 |
f |
f |
|s 5f0a3be4-63cb-37f9-90b6-788986f5c1dc
|i e9a6a2cd-33f8-3364-ad3b-613e79c4af1f
|t 0
|
| 952 |
f |
f |
|p ric
|a Texas A&M University
|b Rellis Campus
|c Joint Library Facility
|s JLF
|d Remote Storage
|t 0
|e SB614 .A68 no.3
|h Library of Congress classification
|i unmediated -- volume
|m A14814167926
|
| 998 |
f |
f |
|a SB614 .A68 no.3
|t 0
|l Remote Storage
|